000 00301nam a22001337a 4500
008 180925b xxu||||| |||| 00| 0 eng d
020 _a9780739472507
041 _aeng
080 _a821
100 _a23
101 _aFJA
245 _aThe Facts Un Fike Dictionary
_cAmmer/CH
942 _2udc
_cBK
999 _c48449
_d48449